Normal view
MARC view
- Revised By Nafeer A. Malik
Entry Personal Name
001 - CONTROL NUMBER
- control field: 83534
003 - CONTROL NUMBER IDENTIFIER
- control field: NUST
005 - DATE AND TIME OF LATEST TRANSACTION
- control field: 20211029100402.0
008 - FIXED-LENGTH DATA ELEMENTS
- fixed length control field: 211029|| aca||aabn | a|a d
040 ## - CATALOGING SOURCE
- Original cataloging agency: NUST
- Transcribing agency: NUST
100 ## - HEADING--PERSONAL NAME
- Personal name: Revised By Nafeer A. Malik
670 ## - SOURCE DATA FOUND
- Source citation: Work cat.: (NUST): Singh, Avtar 66828, Introduction to Jurisprudence:, 2021.
